<?xml version="1.0" encoding="UTF-8"?>
<record
    xmlns:xsi="http://www.w3.org/2001/XMLSchema-instance"
    xsi:schemaLocation="http://www.loc.gov/MARC21/slim http://www.loc.gov/standards/marcxml/schema/MARC21slim.xsd"
    xmlns="http://www.loc.gov/MARC21/slim">

  <leader>01815nam a2200253 a 4500</leader>
  <controlfield tag="001">000045220</controlfield>
  <controlfield tag="003">DO-SdBNP</controlfield>
  <controlfield tag="005">20220808110950.0</controlfield>
  <controlfield tag="008">150211s1996    dr a          000 0 spa d</controlfield>
  <datafield tag="040" ind1=" " ind2=" ">
    <subfield code="a">DO-SdBNP</subfield>
    <subfield code="b">spa</subfield>
    <subfield code="c">BNPHU</subfield>
  </datafield>
  <datafield tag="082" ind1=" " ind2=" ">
    <subfield code="a">xxxx</subfield>
    <subfield code="b">xxxx</subfield>
  </datafield>
  <datafield tag="111" ind1="2" ind2=" ">
    <subfield code="a">Concurso de cuentos te regalo un sue&#xF1;o , lee pinta y escribe</subfield>
    <subfield code="n">(5to:</subfield>
    <subfield code="d">1996</subfield>
    <subfield code="c">Santo Domingo)</subfield>
    <subfield code="9">73240</subfield>
  </datafield>
  <datafield tag="245" ind1="1" ind2="0">
    <subfield code="a">Concurso de cuentos te regalo un sue&#xF1;o 1996 /</subfield>
    <subfield code="c">presentaci&#xF3;n Lourdes Bonnelly de Espaillat ; ilustradores Henry Cid, Angel Mar&#xED;a, Juan Richard F&#xE9;liz ; coordinadora PIALI Lorelay Carr&#xF3;n de Tejada.</subfield>
  </datafield>
  <datafield tag="246" ind1="1" ind2="0">
    <subfield code="a">Quinto concurso de cuentos te regalo un sue&#xF1;o 1996.</subfield>
  </datafield>
  <datafield tag="260" ind1=" " ind2=" ">
    <subfield code="a">Santo Domingo :</subfield>
    <subfield code="b">List&#xED;n Diario,</subfield>
    <subfield code="b">Al Comp&#xE1;s,</subfield>
    <subfield code="c">1996.</subfield>
  </datafield>
  <datafield tag="300" ind1=" " ind2=" ">
    <subfield code="a">32 p. :</subfield>
    <subfield code="b">il. ;</subfield>
    <subfield code="c">28 cm.</subfield>
  </datafield>
  <datafield tag="505" ind1="0" ind2=" ">
    <subfield code="a">El fin de una estrella /</subfield>
    <subfield code="r">Evelyn M. Mart&#xED;nez --</subfield>
    <subfield code="t">Tarea, tarea, tarea /</subfield>
    <subfield code="r">Marie D'Vries /</subfield>
    <subfield code="t">El pecesito inconforme /</subfield>
    <subfield code="r">Omar Alburquerque Mej&#xED;a --</subfield>
    <subfield code="t">El ratoncito vanidoso /</subfield>
    <subfield code="r">Andr&#xE9;s Alejandro Aybar --</subfield>
    <subfield code="t">Pio, pio y corbata /</subfield>
    <subfield code="r">Sim&#xF3;n Espinal --</subfield>
    <subfield code="t">Rebluni el pecesito /</subfield>
    <subfield code="r">Alicia Rodriguez P. --</subfield>
    <subfield code="t">Josefina y las estrellas /</subfield>
    <subfield code="r">Laura Pacheco --</subfield>
    <subfield code="t">La borra y el l&#xE1;piz /</subfield>
    <subfield code="r">Marcos Jos&#xE9; Jorge Le&#xF3;n --</subfield>
    <subfield code="t">Una noche inolvidable /</subfield>
    <subfield code="r">Jonat&#xE1;n Manuel D&#xED;az P&#xE9;rez --</subfield>
    <subfield code="t">Jaimito el Perezoso /</subfield>
    <subfield code="r">Abraham David V&#xE1;squez E. --</subfield>
    <subfield code="t">El lagarto que quer&#xED;a volar /</subfield>
    <subfield code="r">Marcos Abreu Holgu&#xED;n --</subfield>
    <subfield code="t">El ave y sus hijitos /</subfield>
    <subfield code="r">David Ram&#xED;rez --</subfield>
    <subfield code="t">El ni&#xF1;o de la burbuja /</subfield>
    <subfield code="r">Nagib M. Aslouni Pe&#xF1;a --</subfield>
    <subfield code="t">Las ense&#xF1;anzas del zorrillo /</subfield>
    <subfield code="r">Berenice Pacheco Salazar --</subfield>
    <subfield code="t">Una excursion a la zona colonial /</subfield>
    <subfield code="r">Maria Alejandra Castillo Planas --</subfield>
  </datafield>
  <datafield tag="700" ind1="1" ind2="2">
    <subfield code="a">Bonnelly de Espaillat, Lourdes,</subfield>
    <subfield code="e">pres.</subfield>
    <subfield code="9">71845</subfield>
  </datafield>
  <datafield tag="700" ind1="1" ind2="2">
    <subfield code="a">Carr&#xF3;n de Tejada, Lorelay,</subfield>
    <subfield code="e">coor.</subfield>
    <subfield code="9">73241</subfield>
  </datafield>
  <datafield tag="700" ind1="1" ind2="2">
    <subfield code="a">Cid, Henry</subfield>
    <subfield code="9">346</subfield>
  </datafield>
  <datafield tag="700" ind1="1" ind2="2">
    <subfield code="a">Mar&#xED;a, Angel</subfield>
    <subfield code="9">73242</subfield>
  </datafield>
  <datafield tag="700" ind1="1" ind2="2">
    <subfield code="a">F&#xE9;liz, Juan Richard F&#xE9;liz</subfield>
    <subfield code="9">73243</subfield>
  </datafield>
  <datafield tag="942" ind1=" " ind2=" ">
    <subfield code="2">ddc</subfield>
    <subfield code="c">LBS1</subfield>
  </datafield>
  <datafield tag="952" ind1=" " ind2=" ">
    <subfield code="0">0</subfield>
    <subfield code="1">0</subfield>
    <subfield code="7">1</subfield>
    <subfield code="8">PD</subfield>
    <subfield code="a">PD</subfield>
    <subfield code="b">PD</subfield>
    <subfield code="c">HD</subfield>
    <subfield code="d">2015-02-11</subfield>
    <subfield code="i">LF1</subfield>
    <subfield code="l">0</subfield>
    <subfield code="o">xxxx xxxx</subfield>
    <subfield code="p">45220-10</subfield>
    <subfield code="r">2020-06-25</subfield>
    <subfield code="w">2020-06-25</subfield>
    <subfield code="y">LFPD</subfield>
    <subfield code="Z">No se presta</subfield>
  </datafield>
  <datafield tag="999" ind1=" " ind2=" ">
    <subfield code="c">44709</subfield>
    <subfield code="d">44709</subfield>
  </datafield>
</record>
